[Event "ITA-ch U20"]
[Site "Tarvisio"]
[Date "2023.07.04"]
[Round "3"]
[White "Musso, Alessia"]
[Black "Caria, Giulia"]
[Result "0-1"]
[WhiteElo "1011"]
[BlackElo "1259"]
[PlyCount "120"]
[EventDate "2023.07.02"]
[EventType "swiss"]
[EventRounds "9"]
[EventCountry "ITA"]
[SourceTitle "EXT 2024"]
[Source "ChessBase"]
[SourceDate "2023.10.10"]
[SourceVersion "1"]
[SourceVersionDate "2023.10.10"]
[SourceQuality "1"]

1. d4 Nf6 2. Nf3 e6 3. Bf4 c5 4. e3 Qb6 5. b3 cxd4 6. exd4 Nc6 7. c3 d5 8. Bd3 g6 9. 0-0 Bg7 10. Ne5 Nd7 11. Re1 Ndxe5 12. Bxe5 Nxe5 13. dxe5 Qc7 14. Bb5+ Bd7 15. Bxd7+ Qxd7 16. Nd2 0-0 17. Nf3 Rac8 18. c4 Rfd8 19. cxd5 Qxd5 20. Qxd5 Rxd5 21. Rac1 Rxc1 22. Rxc1 Bxe5 23. Nxe5 Rxe5 24. h3 Re2 25. a3 Rb2 26. b4 Rb3 27. Rc7 Rxa3 28. Rxb7 Ra2 29. b5 Kg7 30. b6 axb6 31. Rxb6 Kf6 32. g4 Ra5 33. Kg2 h5 34. f3 hxg4 35. fxg4 Kg5 36. Kg3 Ra3+ 37. Kg2 Kh4 38. Rb4 Rg3+ 39. Kh2 Rxh3+ 40. Kg2 Rg3+ 41. Kh2 Rxg4 42. Rxg4+ Kxg4 43. Kg2 Kf4 44. Kf2 e5 45. Ke2 g5 46. Kf2 e4 47. Ke2 g4 48. Kf2 f5 49. Kg2 Ke3 50. Kg3 Ke2 51. Kf4 Kf2 52. Kg5 g3 53. Kxf5 g2 54. Kxe4 g1Q 55. Ke5 Qg4 56. Kd6 Qg5 57. Ke6 Ke3 58. Kd6 Ke4 59. Kc6 Qd5+ 60. Kc7 Qe6 0-1